El derecho de los animales / (Registro nro. 30075)

Detalles MARC
000 -LEADER
fixed length control field 03312nam a2200325Ia 4500
003 - CONTROL NUMBER IDENTIFIER
control field CO-CtgCURN
005 - DATE AND TIME OF LATEST TRANSACTION
control field 20251107220828.0
008 - FIXED-LENGTH DATA ELEMENTS--GENERAL INFORMATION
fixed length control field 190724s2007 xx 000 0 und d
020 ## - INTERNATIONAL STANDARD BOOK NUMBER
International Standard Book Number 9789586535861
040 ## - CATALOGING SOURCE
Original cataloging agency CO-CtgCURN
Language of cataloging spa
Transcribing agency coctgcurn
082 ## - DEWEY DECIMAL CLASSIFICATION NUMBER
Classification number 591
Item number C266d
100 ## - MAIN ENTRY--PERSONAL NAME
Personal name Cárdenas, Alexandra
Relator term autora
9 (RLIN) 6824
245 #0 - TITLE STATEMENT
Title El derecho de los animales /
Statement of responsibility, etc. Alexandra Cárdenas; Ricardo Fajardo
250 ## - EDITION STATEMENT
Edition statement 1 edición
260 ## - PUBLICATION, DISTRIBUTION, ETC.
Place of publication, distribution, etc. Bogotá, Colombia :
Name of publisher, distributor, etc. Legis,
Date of publication, distribution, etc. 2007
300 ## - PHYSICAL DESCRIPTION
Extent 468 páginas ;
Dimensions 22 centímetros.
490 ## - SERIES STATEMENT
Series statement Lex Nova
500 ## - GENERAL NOTE
General note Incluye introducción e índice
504 ## - BIBLIOGRAPHY, ETC. NOTE
Bibliography, etc. note Incluye referencias bibliográficas
505 ## - FORMATTED CONTENTS NOTE
Formatted contents note Seccion 1. Patas, plumas y pelaje: la emergencia animal -- Cap. I. planteamiento del problema de la subjetividad jurídica animal -- Cap. II. Causas específicas de la negociación de la subjetividad jurídica animal -- Cap. III. Causas singulares de la negación de la subjetividad jurídica animal -- Cap. IV. Escenario animal: Efectos fácticos de la negación de la subjetividad jurídica animal -- Cap. V. Efectos y reacciones públicas de la negación de la subjetividad jurídica animal -- Cap. VI. Soluciones al problema de la subjetividad jurídica animal -- Sección 2 . Cap. I.Fuentes Hard law de derecho doméstico europeo y anglosajón -- Cap. II. Fuentes de derecho internacional hard law relativas al problema de la subjetividad jurídica animal -- Cap. III. Fuentes de derecho internacional soft law relativas al problema de la subjetividad jurídica animal -- Cap. IV. La red del derecho como el no espacio: nueva conceptualización del circuito de la cultura jurídica -- Cap. V. Fuentes de derecho sobre protección animal en el sistema legal colombiano -- Cap. VI. Fuentes de derecho sobre fauna silvestre en el sistema legal colombiano -- Cap. VII. Fuentes sobre sanidad, zoonosis y control de sacrificio de especies destinadas al consumo humano -- Cap. VIII. Jurisprudencia relacionada con el tema animal en el sistema legal colombiano -- Cap. IX. Acción directa violenta y no violenta.
520 ## - SUMMARY, ETC.
Summary, etc. El derecho de los animales cuenta con dos secciones. En la primera de ellas se brinda un panorama de las relaciones entre hombres y animales, con el fin de poner de presente el problema de la negación de la subjetividad jurídica animal que se traduce en un latente estado de subordinación. Desde un enfoque multidisciplinario, el libro analiza las causas de estas conductas, a través de una valoración crítica de posiciones científicas, económicas y culturales. La segunda sección analiza exhaustivamente las diversas fuentes jurídicas sobre el tema, extensamente difundidas en varios países con diferentes sistemas y modelos de coerción. Cuenta con un estudio respecto a la forma en que tales fuentes han encontrado su origen en el país, y se acompaña de modelos que facilitan la labor para comprender el sistema legal de protección animal.
521 ## - TARGET AUDIENCE NOTE
Target audience note AREA BASICA
590 ## - LOCAL NOTE (RLIN)
Local note Programa de Derecho_18
650 ## - SUBJECT ADDED ENTRY--TOPICAL TERM
Topical term or geographic name entry element Animales
9 (RLIN) 6825
650 ## - SUBJECT ADDED ENTRY--TOPICAL TERM
Topical term or geographic name entry element Derecho de los animales
9 (RLIN) 6826
700 ## - ADDED ENTRY--PERSONAL NAME
Personal name Fajardo, Ricardo
Relator term autor
942 ## - ADDED ENTRY ELEMENTS (KOHA)
Koha item type Libros
Classification part 591
Item part C266d
Source of classification or shelving scheme Dewey Decimal Classification
Existencias
Withdrawn status Lost status Damaged status Not for loan Collection Home library Current library Shelving location Date acquired Inventory number Total checkouts Full call number Barcode Date last seen Copy number Price effective from Koha item type
        General Miguel Henríquez Castañeda Barranquilla Miguel Henríquez Castañeda Barranquilla General 05/23/2018 02839   591 C266d 02839 07/25/2019 ej.1 07/25/2019 Libros
        General Miguel Henríquez Castañeda Barranquilla Miguel Henríquez Castañeda Barranquilla General 05/23/2018 02840   591 C266d 02840 07/25/2019 ej.2 07/25/2019 Libros